000 00323nam a22001457a 4500
008 210520b ||||| |||| 00| 0 eng d
020 _a9781307085280
041 _aeng
080 _a82
082 _a82
100 _a21
101 _aGJL
245 _aGender Issues in Literature
_cConstance M. Perry
942 _2udc
_cBK
999 _c57551
_d57551